000 00753nam a2200265Ia 4500
003 OSt
005 20221002054117.0
006 a|||||r|||| 00| 0
007 ta
008 220930b |||||||| |||| 00| 0 eng d
024 _a60982
037 _cReference Collections
040 _aCRL
_cCRL
_beng
041 _2eng
_aeng
082 _aU47:(P111:4k), N1 ( RR)
100 _aJohnston R J Ed.
245 0 _aDictionary of human geography Ed by R J Johnston etc.
250 _a2nd
260 _aOxford
_bBasil Blackwell
_c1991
300 _a576p.
_ccm.
650 _a HUMAN GEOGRAPHY
650 _aGEOGRAPHY
942 _hU47:(P111:4k), N1 ( RR)
_cref
_2CC
999 _c924068
_d924068